[Event "Saarland-ch Seniors 25th "]
[Site "Wadg/Hostenbach"]
[Date "2006.04.09"]
[Round "3"]
[White "Schmidt, Erhard"]
[Black "Bauer, Werner"]
[Result "1-0"]
[WhiteElo "1821"]
[BlackElo "1822"]
[PlyCount "57"]
[EventDate "2006.04.07"]
[EventType "swiss"]
[EventRounds "9"]
[EventCountry "GER"]
[SourceTitle "EXT 2007"]
[Source "ChessBase"]
[SourceDate "2006.11.23"]
[SourceVersion "1"]
[SourceVersionDate "2006.11.23"]
[SourceQuality "1"]

1. Nf3 Nf6 2. c4 c6 3. d4 d5 4. cxd5 cxd5 5. Nc3 Nc6 6. e3 e6 7. Bd3 Bd6 8. 0-0 0-0 9. a3 e5 10. dxe5 Nxe5 11. Be2 Be6 12. Nb5 Nxf3+ 13. Bxf3 Be5 14. Nd4 Qd6 15. h3 a6 16. Bd2 Rfc8 17. Qb3 b5 18. Bb4 Qd7 19. Nxe6 fxe6 20. Rfd1 Rc4 21. Rac1 Rac8 22. Rxc4 bxc4 23. Qc2 Qf7 24. Be2 Ne4 25. Bg4 Rb8 26. f4 Bxb2 27. Qxb2 a5 28. Qe5 Rxb4 29. Bxe6 1-0

[Event "Saarland-ch Seniors 24th"]
[Site "Steinrausch"]
[Date "2005.03.23"]
[Round "6"]
[White "Schmidt, Erhard"]
[Black "Wied, Erwin"]
[Result "1-0"]
[WhiteElo "1818"]
[BlackElo "1689"]
[PlyCount "151"]
[EventDate "2005.03.18"]
[EventType "swiss"]
[EventRounds "9"]
[EventCountry "GER"]
[SourceTitle "EXT 2006"]
[Source "ChessBase"]
[SourceDate "2005.11.24"]
[SourceVersion "1"]
[SourceVersionDate "2005.11.24"]
[SourceQuality "1"]

1. Nf3 d5 2. b3 Nc6 3. Bb2 Bg4 4. e3 e5 5. h3 Bxf3 6. Qxf3 Nf6 7. Bb5 Bd6 8. Nc3 a6 9. Bxc6+ bxc6 10. 0-0 Qd7 11. d3 0-0 12. Rad1 Ne8 13. Ne2 f5 14. g3 Rf6 15. c4 Rh6 16. cxd5 c5 17. h4 Nf6 18. e4 fxe4 19. dxe4 Rf8 20. Qg2 Rg6 21. Bc1 Qb5 22. f3 c4 23. bxc4 Qxc4 24. Be3 Nh5 25. g4 Qxa2 26. Ra1 Qc4 27. Kh1 Qd3 28. Qf2 Rxg4 29. Rfd1 Qb5 30. Rdb1 Qd7 31. Rg1 Rxg1+ 32. Nxg1 Nf4 33. Rxa6 Nh3 34. Qg3 Nxg1 35. Kxg1 Qb5 36. Ra1 Qe2 37. Bh6 Rf7 38. Ra8+ Bf8 39. Re8 Qxf3 40. Qxf3 Rxf3 41. Kg2 Rc3 42. Bg5 Kf7 43. Rxe5 g6 44. Re6 h6 45. Bf4 Rc2+ 46. Kf3 Rc3+ 47. Ke2 Rc2+ 48. Kd3 Rc5 49. Kd4 Rc2 50. e5 Rf2 51. Be3 Rg2 52. Rc6 Rg4+ 53. Kd3 Rxh4 54. Rxc7+ Ke8 55. d6 Rh3 56. Rc8+ Kf7 57. d7 Be7 58. d8Q Bxd8 59. Rxd8 g5 60. Ke4 Ke6 61. Rd6+ Ke7 62. Bc5 Ke8 63. Kf5 Rc3 64. Bb6 Rf3+ 65. Ke6 Kf8 66. Rd8+ Kg7 67. Ke7 h5 68. e6 h4 69. Bd4+ Kg6 70. Kd6 Rf4 71. Ke5 Rf1 72. e7 Re1+ 73. Kd6 g4 74. e8Q+ Rxe8 75. Rxe8 g3 76. Rg8+ 1-0

[Event "Saarland-ch Seniors 24th"]
[Site "Steinrausch"]
[Date "2005.03.19"]
[Round "2"]
[White "Schmidt, Erhard"]
[Black "Both, Gerhard"]
[Result "1/2-1/2"]
[WhiteElo "1818"]
[BlackElo "1946"]
[PlyCount "39"]
[EventDate "2005.03.18"]
[EventType "swiss"]
[EventRounds "9"]
[EventCountry "GER"]
[SourceTitle "EXT 2006"]
[Source "ChessBase"]
[SourceDate "2005.11.24"]
[SourceVersion "1"]
[SourceVersionDate "2005.11.24"]
[SourceQuality "1"]

1. e4 c6 2. d4 d5 3. Nc3 dxe4 4. Nxe4 Nd7 5. Nf3 Ngf6 6. Nxf6+ Nxf6 7. Bd3 Bg4 8. c3 e6 9. h3 Bxf3 10. Qxf3 Be7 11. 0-0 Qd5 12. Qxd5 Nxd5 13. Re1 0-0 14. Re2 Rfd8 15. Be4 h6 16. g3 Rd7 17. Bd2 Rad8 18. Bxd5 Rxd5 19. Rae1 Bf6 20. Be3 1/2-1/2

[Event "Saarland-ch Seniors 23rd"]
[Site "Saarlouis"]
[Date "2004.04.04"]
[Round "3"]
[White "Schmidt, Erhard"]
[Black "Passeier, Helmut"]
[Result "0-1"]
[WhiteElo "2118"]
[BlackElo "1873"]
[PlyCount "78"]
[EventDate "2004.04.02"]
[EventType "swiss"]
[EventRounds "9"]
[EventCountry "GER"]
[SourceTitle "CBM 099 Extra"]
[Source "ChessBase"]
[SourceDate "2004.05.04"]
[SourceVersion "1"]
[SourceVersionDate "2004.05.04"]
[SourceQuality "1"]

1. Nf3 d5 2. d4 Nf6 3. Bf4 e6 4. Nbd2 c5 5. c3 Nc6 6. e3 h6 7. Bb5 Bd7 8. 0-0 Be7 9. Qe2 0-0 10. dxc5 Bxc5 11. Nb3 Be7 12. Rad1 a6 13. Bd3 Nh5 14. Be5 b5 15. Nfd4 f6 16. Nxc6 Bxc6 17. Nd4 Bd7 18. Qxh5 fxe5 19. Qxe5 Qb6 20. Qg3 Rf6 21. e4 dxe4 22. Bxe4 Bd6 23. Qd3 Rd8 24. Nf3 Be8 25. Qc2 Qc7 26. Rd4 Bh5 27. h3 Bxf3 28. Bxf3 Bh2+ 29. Kh1 Rxd4 30. Qb3 Rd8 31. Bg4 Rdf8 32. Bxe6+ Kh8 33. f3 Re8 34. Bd5 Re2 35. Qd1 Re8 36. Re1 Rff8 37. Be4 Rd8 38. Qb3 Bg3 39. Qe6 Rf6 0-1

[Event "GER-chT Seniors 09th"]
[Site "Halle"]
[Date "2000.08.26"]
[Round "7.1"]
[White "Schmidt, Erhard"]
[Black "Mauersberger, Frank"]
[Result "1-0"]
[WhiteElo "2208"]
[BlackElo "2007"]
[PlyCount "81"]
[EventDate "2000.08.20"]
[EventType "team"]
[EventRounds "7"]
[EventCountry "GER"]
[SourceTitle "EXT 2002"]
[Source "ChessBase"]
[SourceDate "2001.11.25"]
[SourceVersion "1"]
[SourceVersionDate "2001.11.25"]
[SourceQuality "1"]

1. g3 e6 2. c4 f5 3. Bg2 Nf6 4. Nc3 c6 5. d4 d5 6. Qd3 Bb4 7. a3 Bd6 8. Nf3 0-0 9. 0-0 Qe8 10. Ne5 Nbd7 11. f4 Ne4 12. cxd5 exd5 13. Qc2 Ndf6 14. e3 Qh5 15. Nxe4 Nxe4 16. Nxc6 bxc6 17. Qxc6 Be6 18. Bxe4 fxe4 19. Qxd6 Bh3 20. Bd2 Bxf1 21. Rxf1 Rad8 22. Qa6 Rd7 23. Bb4 Re8 24. Qa4 Rc7 25. Bc5 Rec8 26. Qd1 Qf7 27. b4 Rb7 28. Qg4 Rc6 29. a4 a6 30. a5 Rb8 31. Rf2 Re8 32. Rb2 h5 33. Qe2 Rb8 34. b5 axb5 35. Rxb5 Rxb5 36. Qxb5 Rg6 37. a6 h4 38. a7 hxg3 39. a8Q+ Kh7 40. h3 Rh6 41. Qbe8 1-0

[Event "GER-chT Seniors 09th"]
[Site "Halle"]
[Date "2000.08.25"]
[Round "6.1"]
[White "Denda, Ronald"]
[Black "Schmidt, Erhard"]
[Result "0-1"]
[WhiteElo "1988"]
[BlackElo "2208"]
[PlyCount "112"]
[EventDate "2000.08.20"]
[EventType "team"]
[EventRounds "7"]
[EventCountry "GER"]
[SourceTitle "EXT 2002"]
[Source "ChessBase"]
[SourceDate "2001.11.25"]
[SourceVersion "1"]
[SourceVersionDate "2001.11.25"]
[SourceQuality "1"]

1. e4 c5 2. Nf3 e6 3. d4 cxd4 4. Nxd4 Nf6 5. Bd3 e5 6. Nb3 Be7 7. Be3 0-0 8. Nc3 Nc6 9. a3 d6 10. f3 Be6 11. Nd5 Bxd5 12. exd5 Na5 13. c4 Nxb3 14. Qxb3 b6 15. 0-0 Nd7 16. Qc2 g6 17. Bh6 Re8 18. f4 f5 19. fxe5 Nxe5 20. Rae1 Bg5 21. Bxg5 Qxg5 22. Kh1 Qh4 23. g3 Qd4 24. Be2 Rac8 25. b3 Qxd5+ 26. Kg1 Qc5+ 27. Kg2 Qxa3 28. Ra1 Qc5 29. Rxa7 Qc6+ 30. Bf3 Nxf3 31. Rxf3 Re3 32. Qd1 Ra8 33. Rxa8+ Qxa8 34. Kf2 Qxf3+ 35. Qxf3 Rxf3+ 36. Kxf3 Kf7 37. Ke3 g5 38. h3 Ke6 39. Kd4 h6 40. b4 h5 41. h4 g4 42. Kd3 f4 43. gxf4 Kf5 44. Ke3 g3 45. Kf3 g2 46. Kxg2 Kxf4 47. Kf2 Ke4 48. Kg3 Kd4 49. c5 dxc5 50. bxc5 bxc5 51. Kf4 c4 52. Kg5 c3 53. Kxh5 c2 54. Kg6 c1Q 55. h5 Qg1+ 56. Kh7 Ke5 0-1

[Event "GER-chT Seniors 09th"]
[Site "Halle"]
[Date "2000.08.22"]
[Round "3.1"]
[White "Schmidt, Erhard"]
[Black "Walkewitz, Hubert"]
[Result "0-1"]
[WhiteElo "2208"]
[BlackElo "2252"]
[PlyCount "66"]
[EventDate "2000.08.20"]
[EventType "team"]
[EventRounds "7"]
[EventCountry "GER"]
[SourceTitle "EXT 2002"]
[Source "ChessBase"]
[SourceDate "2001.11.25"]
[SourceVersion "1"]
[SourceVersionDate "2001.11.25"]
[SourceQuality "1"]

1. d4 f5 2. Nf3 Nf6 3. Nc3 g6 4. Bg5 Bg7 5. Qd2 Ne4 6. Nxe4 fxe4 7. Ne5 d6 8. Nc4 d5 9. Ne3 0-0 10. f3 c5 11. dxc5 d4 12. 0-0-0 Nc6 13. Ng4 Bxg4 14. fxg4 e3 15. Qd3 Qd5 16. Qb3 Qxb3 17. axb3 a5 18. c3 e5 19. Kc2 a4 20. b4 a3 21. b5 Na7 22. c4 axb2 23. Kxb2 e4 24. Kb3 Nc8 25. g3 h6 26. Bf4 g5 27. Bc7 Rf7 28. b6 Ne7 29. h4 d3 30. exd3 Rf2 31. Rb1 Nc6 32. dxe4 Rfa2 33. Bd3 R8a3# 0-1

[Event "GER-chT Seniors 09th"]
[Site "Halle"]
[Date "2000.08.20"]
[Round "1.1"]
[White "Schmidt, Erhard"]
[Black "Papapostolou, Christos"]
[Result "0-1"]
[WhiteElo "2208"]
[BlackElo "2107"]
[PlyCount "56"]
[EventDate "2000.08.20"]
[EventType "team"]
[EventRounds "7"]
[EventCountry "GER"]
[SourceTitle "EXT 2002"]
[Source "ChessBase"]
[SourceDate "2001.11.25"]
[SourceVersion "1"]
[SourceVersionDate "2001.11.25"]
[SourceQuality "1"]

1. Nf3 c5 2. c4 g6 3. Nc3 Bg7 4. d4 cxd4 5. Nxd4 Nc6 6. e3 Nf6 7. Be2 a6 8. 0-0 0-0 9. a3 d5 10. cxd5 Nxd5 11. Nxc6 bxc6 12. Ne4 Qb6 13. Qc2 Rb8 14. Nc5 Nc3 15. bxc3 Qxc5 16. Bd2 Rd8 17. Rfc1 Bf5 18. e4 Bxe4 19. Qxe4 Rxd2 20. Rc2 Rxc2 21. Qxc2 a5 22. g3 h5 23. Kg2 h4 24. h3 hxg3 25. fxg3 a4 26. Ra2 Rb3 27. c4 Qe3 28. Bf1 Bd4 0-1

[Event "Bad Woerishofen Seniors op 16th"]
[Site "Bad Woerishofen"]
[Date "2000.??.??"]
[Round "3"]
[White "Meyer, Walter"]
[Black "Schmidt, Erhard"]
[Result "1/2-1/2"]
[WhiteElo "1775"]
[BlackElo "2205"]
[PlyCount "64"]
[EventDate "2000.03.??"]
[EventType "swiss"]
[EventRounds "9"]
[EventCountry "GER"]
[SourceTitle "EXT 2003"]
[Source "ChessBase"]
[SourceDate "2002.11.25"]
[SourceVersion "1"]
[SourceVersionDate "2002.11.25"]
[SourceQuality "1"]

1. c4 c5 2. Nc3 Nf6 3. g3 d5 4. cxd5 Nxd5 5. Bg2 e6 6. Nf3 Nc6 7. 0-0 Be7 8. d3 0-0 9. Bd2 a6 10. a3 Nc7 11. Rc1 e5 12. Na4 Ne6 13. Be3 Qa5 14. Bd2 Qc7 15. Nc3 Rd8 16. Ne1 Qd6 17. Nd5 Bf8 18. b4 cxb4 19. Nxb4 Ncd4 20. Nd5 Qxa3 21. Nc2 Qb3 22. e3 Nxc2 23. Qxc2 Qxc2 24. Rxc2 Bd7 25. Ba5 Ba4 26. Rc3 Rdc8 27. Nb6 Rxc3 28. Bxc3 Rd8 29. Nxa4 b5 30. Nb2 f6 31. Bb7 Ba3 32. Bxa6 b4 1/2-1/2

[Event "Bayern-ch Seniors 12th"]
[Site "Schloss Schney"]
[Date "2000.??.??"]
[Round "6"]
[White "Schmidt, Erhard"]
[Black "Fassmann, Kurt"]
[Result "1/2-1/2"]
[WhiteElo "1890"]
[BlackElo "1950"]
[PlyCount "84"]
[EventDate "2000.11.02"]
[EventType "swiss"]
[EventRounds "9"]
[EventCountry "GER"]
[SourceTitle "EXT 2002"]
[Source "ChessBase"]
[SourceDate "2001.11.25"]
[SourceVersion "1"]
[SourceVersionDate "2001.11.25"]
[SourceQuality "1"]

1. c4 Nf6 2. Nc3 d5 3. d4 c6 4. Nf3 g6 5. Bg5 Bg7 6. e3 Ne4 7. Nxe4 dxe4 8. Nd2 Qa5 9. Bf4 0-0 10. Qc2 f5 11. c5 Be6 12. Bc4 Bf7 13. 0-0 Nd7 14. Bxf7+ Rxf7 15. a3 h6 16. Nc4 Qa6 17. f3 exf3 18. Rxf3 b5 19. cxb6 axb6 20. Raf1 b5 21. Ne5 Nxe5 22. Bxe5 Bxe5 23. dxe5 Rd8 24. g4 e6 25. gxf5 gxf5 26. R1f2 Rg7+ 27. Kh1 c5 28. e4 c4 29. exf5 exf5 30. Qxf5 Rd1+ 31. Rf1 Rxf1+ 32. Rxf1 Qc6+ 33. Qf3 Qxf3+ 34. Rxf3 Rg5 35. Rg3 Kf7 36. Kg2 Ke6 37. Rxg5 hxg5 38. Kf3 Kxe5 39. Kg4 Kf6 40. Kf3 Kf5 41. h3 Ke5 42. Kg4 Kf6 1/2-1/2

[Event "St Ingbert op"]
[Site "St Ingbert"]
[Date "1994.??.??"]
[Round "1"]
[White "Feibert, Fred"]
[Black "Schmidt, Erhard"]
[Result "1-0"]
[WhiteElo "2335"]
[BlackElo "2315"]
[PlyCount "71"]
[EventDate "1994.08.??"]
[EventType "swiss"]
[EventRounds "9"]
[EventCountry "GER"]
[SourceTitle "GER"]
[Source "ChessBase"]
[SourceDate "1999.07.01"]
[SourceVersion "1"]
[SourceVersionDate "1999.07.01"]
[SourceQuality "1"]

1. Nf3 d5 2. d4 Nf6 3. Bf4 e6 4. e3 c5 5. c3 a6 6. Nbd2 Nc6 7. Bd3 Be7 8. h3 0-0 9. Ne5 Nxe5 10. Bxe5 c4 11. Bc2 Bd6 12. Bxd6 Qxd6 13. 0-0 b5 14. f4 g6 15. Nf3 Nh5 16. Qe1 Ng7 17. g4 f6 18. g5 f5 19. Ne5 Bd7 20. Rf2 Rfb8 21. a3 Rb7 22. Bd1 Be8 23. Bf3 a5 24. a4 b4 25. Nxc4 Qb8 26. Ne5 bxc3 27. bxc3 Ra6 28. c4 Rab6 29. Qxa5 Ra7 30. Qe1 Rxa4 31. Rxa4 Bxa4 32. Qa5 Rb1+ 33. Kg2 Ra1 34. Nc6 Bxc6 35. Qxa1 Qb3 36. Qc1 1-0

[Event "Oberliga NRW 9293 I"]
[Site "Germany"]
[Date "1993.??.??"]
[Round "?.8"]
[White "Ellers, Holger"]
[Black "Schmidt, Erhard"]
[Result "0-1"]
[WhiteElo "2225"]
[BlackElo "2315"]
[PlyCount "74"]
[EventDate "1992.10.??"]
[EventType "team"]
[EventRounds "9"]
[EventCountry "GER"]
[SourceTitle "TD"]
[Source "ChessBase"]
[SourceDate "1994.03.01"]
[SourceVersion "1"]
[SourceVersionDate "1994.03.01"]
[SourceQuality "1"]
[WhiteTeam "Bochum II"]
[BlackTeam "Koeln KKS"]
[WhiteTeamCountry "GER"]
[BlackTeamCountry "GER"]

1. d4 Nf6 2. c4 e6 3. g3 Bb4+ 4. Bd2 c5 5. Bg2 Qb6 6. d5 exd5 7. cxd5 Bxd2+ 8. Qxd2 0-0 9. Nh3 d6 10. Nf4 Bf5 11. Nc3 Re8 12. 0-0 Nbd7 13. Nd3 c4 14. Nf4 Nc5 15. Nd1 Qa6 16. Ne3 Be4 17. Rfc1 b5 18. Bxe4 Rxe4 19. Nf5 Re5 20. Nd4 Nxd5 21. Nf3 Ne4 22. Qc2 Nb4 23. Qb1 Ree8 24. b3 Qb6 25. e3 c3 26. a3 Na6 27. Nd5 Qc6 28. Qd3 Nac5 29. Qd1 Nd7 30. Qd4 Rac8 31. Rc2 Nb6 32. Nb4 Qc5 33. Rd1 Qh5 34. Kg2 Nd2 35. Qf4 a5 36. g4 Qg6 37. Nxd2 axb4 0-1